header

Domain-specific modeling (Record no. 26872)

MARC details
000 -LEADER
fixed length control field 01382nam a2200349 a 4500
082 04 - DEWEY DECIMAL CLASSIFICATION NUMBER
Classification number 005.1
100 1# - MAIN ENTRY--AUTHOR NAME
Personal name Kelly, Steven.
245 10 - TITLE STATEMENT
Title Domain-specific modeling
260 ## - PUBLICATION, DISTRIBUTION, ETC. (IMPRINT)
Place of publication Hoboken, N.J. :
Name of publisher Wiley-Interscience :
-- IEEE Computer Society,
Year of publication c2008.
300 ## - PHYSICAL DESCRIPTION
Number of Pages xvi, 427 p. :
Other physical details ill.
650 #0 - SUBJECT ADDED ENTRY--TOPICAL TERM
Topical Term Programming languages (Electronic computers)
Topical Term Computer software
700 1# - ADDED ENTRY--PERSONAL NAME
Personal name Tolvanen, Juha-Pekka.
856 40 - ELECTRONIC LOCATION AND ACCESS
Uniform Resource Identifier http://site.ebrary.com/lib/rucke/Doc?id=10225436

No items available.

© 2026 Rongo University
Contact us: librarian | system librarian | Rongo university